| 000 | 00784nam a2200253Ia 4500 | ||
|---|---|---|---|
| 003 | OSt | ||
| 005 | 20220927103156.0 | ||
| 006 | a|||||r|||| 00| 0 | ||
| 007 | ta | ||
| 008 | 220926b |||||||| |||| 00| 0 eng d | ||
| 024 | _a18011 | ||
| 037 | _cReference Collections | ||
| 040 |
_aRTL _cRTL _beng |
||
| 041 |
_2eng _aeng |
||
| 082 | _a"Y:5.1N4,dN69, N4/UN" | ||
| 100 |
_aSadik Nafis Ed. _9354545 |
||
| 245 | 0 |
_aMaking a difference _b Twenty five years of UNFPA experience |
|
| 260 |
_aNew _bYork United Nations USA _c1994 |
||
| 300 |
_a"x,150p" _ccm. |
||
| 490 | _a"United Nations Population Fund , Publication" | ||
| 500 | _aBibliography : P141-143 | ||
| 942 |
_h"Y:5.1N4,dN69, N4/UN" _cCC |
||
| 999 |
_c681507 _d681507 |
||